000 00453nam a2200169Ia 4500
008 100412t2008 xxu||||| |||| 00| 0 sin d
041 _asin
080 _aX8S31
_bSEN
100 _aSenevirathna, Jayakody
245 _aපාලොස් පැය
246 _aPalos Paya ( LIB / 63 / 6 / 26 )
260 _bDayawansa Jayakody
_aColombo
_c2008
300 _a255p., 21 cm
942 _cBK
999 _c73057
_d73057
003 LK-CoDNM
040 _aLK-CoDNM
_dLK-CoDNM
_eLK-CoDNM